Los prodigios del hipnotismo (Record no. 38164)

MARC details
000 -LEADER
campo de control de longitud fija 00611nam a2200169 i 4500
001 - NÚMERO DE CONTROL
campo de control 38164
003 - IDENTIFICADOR DE NÚMERO DE CONTROL
campo de control ES-MaACL
005 - FECHA Y HORA DE LA ÚLTIMA TRANSACCIÓN
campo de control 20230906155717.0
007 - CAMPO FIJO DE DESCRIPCIÓN FÍSICA--INFORMACIÓN GENERAL
campo de control de longitud fija t|
008 - DATOS DE LONGITUD FIJA--INFORMACIÓN GENERAL
campo de control de longitud fija 030224s1952 sp ||||1| spa d
100 1# - ENTRADA PRINCIPAL--NOMBRE DE PERSONA
Nombre de persona Cabrera Ponce, Pablo.
9 (RLIN) 33318
245 14 - MENCIÓN DEL TÍTULO
Título Los prodigios del hipnotismo
Resto del título : anécdotas de la vida profesional del médico y destacado hipnólogo Dr. D. Antonio Yáñez Matos /
Mención de responsabilidad, etc. por Pablo Cabrera Ponce.
260 ## - PUBLICACIÓN, DISTRIBUCIÓN, ETC.
Lugar de publicación, distribución, etc. [Las Palmas de Gran Canaria :
Nombre del editor, distribuidor, etc. s.n.,
Fecha de publicación, distribución, etc. 1952] (
Fabricante Imp. Espino)
300 ## - DESCRIPCIÓN FÍSICA
Extensión 130 p. :
Otras características físicas il. ;
Dimensiones 17 cm.
650 04 - PUNTO DE ACCESO ADICIONAL DE MATERIA--TÉRMINO DE MATERIA
Término de materia o nombre geográfico como elemento de entrada Hipnosis.
9 (RLIN) 13363
852 ## - LOCALIZACIÓN
Ubicación ES-MaACL
Número de control de estantería 1939-F-16
Sublocalización o colección R.32464
Holdings
Estatus retirado Estado de pérdida Estado de daño No para préstamo Colección Biblioteca de origen Biblioteca actual Ubicación en estantería Fecha de adquisición Fuente de adquisición Total de préstamos Signatura topográfica completa Código de barras Visto por última vez Precio de reemplazo Tipo de ítem Koha
        Colección de folletos Biblioteca del Ateneo de Madrid Biblioteca del Ateneo de Madrid Depósito folletos 17/01/2008     1939-F-16 1040176 23/02/2023 23/02/2023 Folleto